UITU Library & LRC     

Schaum's Outlines Theory and Problems of Software Engineering (Record no. 13767)

MARC details
000 -LEADER
fixed length control field 00560nam a2200181Ia 4500
008 - FIXED-LENGTH DATA ELEMENTS--GENERAL INFORMATION
fixed length control field 240925s9999 xx 000 0 und d
020 ## - INTERNATIONAL STANDARD BOOK NUMBER
International Standard Book Number 9780070531017
082 ## - DEWEY DECIMAL CLASSIFICATION NUMBER
Classification number 005.12076 GUS
100 ## - MAIN ENTRY--PERSONAL NAME
Personal name Gustafson, David
245 #0 - TITLE STATEMENT
Title Schaum's Outlines Theory and Problems of Software Engineering
250 ## - EDITION STATEMENT
Edition statement NA
260 ## - PUBLICATION, DISTRIBUTION, ETC.
Place of publication, distribution, etc. New Delhi:
Name of publisher, distributor, etc. McGraw Hill Education (India) Private Limited
Date of publication, distribution, etc. ,2010.
300 ## - PHYSICAL DESCRIPTION
Extent 194p.
Other physical details 0
Type of unit Original
500 ## - GENERAL NOTE
General note Includes Index
600 ## - SUBJECT ADDED ENTRY--PERSONAL NAME
Personal name Computer Science
650 ## - SUBJECT ADDED ENTRY--TOPICAL TERM
Topical term or geographic name entry element Computer science, information & general works
942 ## - ADDED ENTRY ELEMENTS (KOHA)
Koha item type Books
Holdings
Withdrawn status Lost status Damaged status Not for loan Collection Home library Current library Date acquired Source of acquisition Cost, normal purchase price Total checkouts Full call number Barcode Date last seen Price effective from Koha item type
        Software Engineering UITU Library UITU Library 05/09/2017 H & S Enterprises 1025.00   005.12076 GUS Q11268 09/25/2024 09/25/2024 Books

Powered by Koha